|
|
|
|
| LEADER |
00000cam a22000004a 4500 |
| 001 |
musev2_65023 |
| 003 |
MdBmJHUP |
| 005 |
20230905050707.0 |
| 006 |
m o d |
| 007 |
cr||||||||nn|n |
| 008 |
190406s2019 wiu o 00 0 eng d |
| 020 |
|
|
|a 9780299321130
|
| 020 |
|
|
|z 9780299321147
|
| 020 |
|
|
|z 9780299321109
|
| 035 |
|
|
|a (OCoLC)1096238202
|
| 040 |
|
|
|a MdBmJHUP
|c MdBmJHUP
|
| 245 |
0 |
0 |
|a Holding the World Together :
|b African Women in Changing Perspective /
|c edited by Nwando Achebe and Claire Robertson.
|
| 264 |
|
1 |
|a Madison, Wisconsin :
|b The University of Wisconsin Press,
|c [2019]
|
| 264 |
|
3 |
|a Baltimore, Md. :
|b Project MUSE,
|c 2019
|
| 264 |
|
4 |
|c ©[2019]
|
| 300 |
|
|
|a 1 online resource (392 pages).
|
| 336 |
|
|
|a text
|b txt
|2 rdacontent
|
| 337 |
|
|
|a computer
|b c
|2 rdamedia
|
| 338 |
|
|
|a online resource
|b cr
|2 rdacarrier
|
| 490 |
0 |
|
|a Women in Africa and the Diaspora
|
| 505 |
0 |
|
|a Prologue : Holding the World Together / Abena P.A. Busia -- Introduction / Claire Robertson and Nwando Achebe -- Representations of and by African Women. Front and Center on the Global Stage : African Women in Contemporary Novels / Elizabeth M. Perego ; Contrasting Visions : Filmic Representations of African Women / Cajetan Iheka -- Religion and Politics. Politico-Religious Systems and African Women's Power / Nwando Achebe ; Colonialism and Resistance : Protests and National Liberation Movements / Kathleen Sheldon ; Religious Fundamentalisms and Women in Contemporary Africa / Ousseina Alidou ; African Women Organize / Alicia C. Decker and Andrea L. Arrington-Sirois ; Women and Politics in Africa / Aili Mari Tripp -- Economy and Society. African Women in the Real Economy : Prehistoric, Precolonial, Colonial, and Contemporary Transitions / Gracia Clark ; Women and Slavery : Changes and Continuities / Claire Robertson ; Education for African Girls: Still Striving for Equality / Josephine Beoku-Betts ; Urbanizing Women : Merging the Personal, Political, and Spatial / Teresa Barnes ; Women and the New African Diaspora / Cassandra Veney -- Love, Marriage, and Women's Bodies, Past and Present. Love, Marriage, and Families in Africa / Rachel Jean-Baptiste and Emily Burrill ; Gender and Sexuality : Gradations, Contestations / Signe Arnfred ; Violence against Women : Households, Wars, Refugees, and Resistance / Henryatta Ballah and December Green ; African Women and Health : Evolving Challenges / Karen Flint -- Coda : Transforming Visions / Abena P.A. Busia.
|
| 588 |
|
|
|a Description based on print version record.
|
| 650 |
|
7 |
|a Women
|x Social conditions.
|2 fast
|0 (OCoLC)fst01176947
|
| 650 |
|
7 |
|a Women
|x Political activity.
|2 fast
|0 (OCoLC)fst01734136
|
| 650 |
|
7 |
|a Women
|x Economic conditions.
|2 fast
|0 (OCoLC)fst01176665
|
| 650 |
|
7 |
|a HISTORY
|x General.
|2 bisacsh
|
| 650 |
|
6 |
|a Femmes
|x Activite politique
|z Afrique.
|
| 650 |
|
6 |
|a Femmes
|z Afrique
|x Conditions economiques.
|
| 650 |
|
6 |
|a Femmes
|z Afrique
|x Conditions sociales.
|
| 650 |
|
0 |
|a Women
|x Political activity
|z Africa.
|
| 650 |
|
0 |
|a Women
|z Africa
|x Economic conditions.
|
| 650 |
|
0 |
|a Women
|z Africa
|x Social conditions.
|
| 651 |
|
7 |
|a Africa.
|2 fast
|0 (OCoLC)fst01239509
|
| 655 |
|
7 |
|a Electronic books.
|2 local
|
| 700 |
1 |
|
|a Robertson, Claire C.,
|d 1944-
|e editor.
|
| 700 |
1 |
|
|a Achebe, Nwando,
|d 1970-
|e editor.
|
| 710 |
2 |
|
|a Project Muse.
|e distributor
|
| 830 |
|
0 |
|a Book collections on Project MUSE.
|
| 856 |
4 |
0 |
|z Texto completo
|u https://projectmuse.uam.elogim.com/book/65023/
|
| 945 |
|
|
|a Project MUSE - Custom Collection
|
| 945 |
|
|
|a Project MUSE - 2019 Complete
|
| 945 |
|
|
|a Project MUSE - 2019 Global Cultural Studies
|
| 945 |
|
|
|a Project MUSE - 2019 African Studies
|